000 01120nam a2200337 a 4500
008
020 _a9780582802407 (paperback)
040 _aNUST
_cNUST
049 _aMAIN
090 _aQP84
_bJOU
245 1 0 _aJourney through the life span/
_c Heather Gunstone ; Bronwyn Maddock ; Nerida Matthews & Elizabeth Roy.
250 _aSecond edition.
260 _aMelbourne, Australia :
_bLongman Cheshire, 1994.
300 _aviii, 416 pages :
_billustrations ;
_c28 cm.
336 _atext
_btxt
_2rdacontent
337 _aunmediated
_bn
_2rdamedia
338 _avolume
_bnc
_2rdacarrier
500 _aIncludes index.
504 _aIncludes bibliographical references.
650 1 _aLife cycle, Human.
650 _aDevelopmental psychology.
650 _aMaturation (Psychology).
700 _aGunstone, Heather.,
_aauthor.
700 _aMaddock, Bronwyn.,
_aauthor.
700 _aMatthews, Nerida.,
_aauthor.
700 _aRoy, Elizabeth.,
_aauthor.
907 _a.b10409555
_b20-09-21
_c20-09-21
003
005 20230123141221.0
942 _cBOOKS
_kQP84
_mJOU
999 _c169702
_d169702